• AIU
  • Tony Wilmot Memorial Library

How to choose your Bible wisely / (Record no. 16893)

MARC details
000 -LEADER
fixed length control field 00525nam a22001931a 4500
003 - CONTROL NUMBER IDENTIFIER
control field NEGST
005 - DATE AND TIME OF LATEST TRANSACTION
control field 20110718123457.0
008 - FIXED-LENGTH DATA ELEMENTS--GENERAL INFORMATION
fixed length control field 030627s1995 001 0 eng d
020 ## - INTERNATIONAL STANDARD BOOK NUMBER
International Standard Book Number 0853646155
100 1# - MAIN ENTRY--PERSONAL NAME
Personal name Duthie, Alan S.
245 10 - TITLE STATEMENT
Title How to choose your Bible wisely /
Statement of responsibility, etc Alan S. Duthie.
250 ## - EDITION STATEMENT
Edition statement 2d. ed.
260 ## - PUBLICATION, DISTRIBUTION, ETC. (IMPRINT)
Place of publication, distribution, etc Carlisle, UK :
Name of publisher, distributor, etc Paternoster,
Date of publication, distribution, etc c1995.
300 ## - PHYSICAL DESCRIPTION
Extent 244 p.
500 ## - GENERAL NOTE
General note Includes bibliography and index.
590 ## - LOCAL NOTE (RLIN)
Local note Accession number: 22934
630 00 - SUBJECT ADDED ENTRY--UNIFORM TITLE
Uniform title Bible
General subdivision Versions.
Holdings
Withdrawn status Lost status Source of classification or shelving scheme Damaged status Not for loan Collection code Home library Current library Shelving location Date acquired Source of acquisition Cost, normal purchase price Total Checkouts Full call number Barcode Date last seen Date checked out Copy number Price effective from Koha item type
    Library of Congress Classification     General Circulation AIU/NEGST - Tony Wilmot Memorial Library AIU/NEGST - Tony Wilmot Memorial Library General Stacks 09/29/2009 Donation 15.00 1 BS 405.D88 1985 R00735N3232 10/22/2019 10/15/2019 1 09/29/2009 Books